| 000 | 00367nam a22001097a 4500 | ||
|---|---|---|---|
| 082 | _a669.9 MET'K | ||
| 100 |
_aKUBASCHEWSKI, O _978935 |
||
| 245 | _aMETALLURGICAL CHEMISTRY PROCEEDING OF A SYMPOSIUM HELD AT BRUNEL UNIVERSITY ANDTHE NATIONAL PHYSICAL LABORATORY ON THE 14, 15 AND 16 JULY 1971 | ||
| 260 |
_aLONDON _bHER MAJESTY'S _c1972 |
||
| 300 | _a681P | ||
| 942 | _cBK | ||
| 999 |
_c584006 _d584006 |
||